[Event "Tulsa Winter Scholastic"]
[Site "Tulsa"]
[Date "2004.02.07"]
[Round "4"]
[White "Britt, Brian"]
[Black "Cope, John"]
[Result "0-1"]
[WhiteElo "1350"]
[BlackElo "1786"]
[PlyCount "118"]
[EventDate "2004.02.07"]
[EventType "swiss (rapid)"]
[EventRounds "5"]
[EventCountry "USA"]
[SourceTitle "EXT 2006"]
[Source "ChessBase"]
[SourceDate "2005.11.24"]
[SourceVersion "1"]
[SourceVersionDate "2005.11.24"]
[SourceQuality "1"]

1. e4 c5 2. Nf3 d6 3. Bc4 Nc6 4. Nc3 g6 5. d3 Bg7 6. Bg5 Nf6 7. Qd2 0-0 8. 0-0 a6 9. Bh6 b5 10. Bd5 Nxd5 11. Bxg7 Kxg7 12. exd5 Nd4 13. Nxd4 cxd4 14. Ne2 Bb7 15. Qg5 e5 16. Qxd8 Raxd8 17. c3 dxc3 18. Nxc3 b4 19. Ne4 Bxd5 20. b3 f5 21. Nd2 Rc8 22. Nc4 Bxc4 23. dxc4 Rfd8 24. Rfd1 Rc5 25. a3 bxa3 26. Rxa3 Rc6 27. g3 Rb8 28. f3 Kf7 29. Rd5 Ke6 30. Rda5 Rcb6 31. Rxa6 Rxa6 32. Rxa6 Rxb3 33. c5 Rxf3 34. Rxd6+ Ke7 35. Rd5 e4 36. Kg2 Rd3 37. Rxd3 exd3 38. Kf3 Kd7 39. Ke3 d2 40. Kxd2 Kc6 41. Ke3 Kxc5 42. Kf4 Kd5 43. g4 Ke6 44. h3 Kf6 45. h4 h6 46. g5+ hxg5+ 47. hxg5+ Ke6 48. Kf3 Ke5 49. Kg3 f4+ 50. Kg4 Ke4 51. Kh3 f3 52. Kh2 Ke3 53. Kg1 Ke2 54. Kh2 f2 55. Kh1 f1Q+ 56. Kh2 Qf5 57. Kg2 Qxg5+ 58. Kh3 Kf2 59. Kh2 Qg2# 0-1